| 000 | 01619nam a2200253Ia 4500 | ||
|---|---|---|---|
| 001 | 18571 | ||
| 003 | GE_BSU | ||
| 008 | 181216s||||||||xx |||||||||||||| ||und|| | ||
| 020 | _a9789941089695 | ||
| 040 | _cGE_BSU | ||
| 080 | _a94(=353.1)(560)+94(479.223) | ||
| 100 | _aწიგნის ავტორები:მამია ფაღავა,მერი ცინცაძე,მაია ბარამიძე,მალხაზ ჩოხარაძე და სხვ. | ||
| 245 | _aკლარჯეთი:KLARJETI | ||
| 245 | _cრედ:მამია ფაღავა,რუკები მალხაზ ჩოხარაძისა,რეზიუმეს მთარგ.თამარ სირაძე | ||
| 250 | _aბსუ;ჰუმანიტარულ მეცნიერებათა ფაკულტეტი ქართველოლოგიის ცენტრი. | ||
| 260 | _aბათუმი. | ||
| 260 | _bსამშობლო | ||
| 260 | _c2016 | ||
| 300 | _a1089გვ;30სმ. | ||
| 300 | _bრუკები,ილ. | ||
| 653 | _aკლარჯეთი:KLARJETI | ||
| 653 | _aმონოგრაფიაში განხილულია ისტორიულ კლარჯეთისა და თურქეთის რესპუბლიკის რეგიონში გაშენებულ მუჰაჯირთა სოფლებში კომპლექსური საველე ექსპედიციებით შეკრებილ მასალაზე. | ||
| 942 | _cBK | ||
| 999 |
_c51580 _d51580 |
||